Opening Lyrics to underscores' "Locals (Girls like Us)" - Statistics

General Stats
  • This quiz has been taken 64 times
  • The average score is 19 of 41
Answer Stats
Answer % Correct
arms
98%
body
98%
legs
98%
bone
95%
good luck
95%
sinew
95%
skin
95%
flesh
93%
machinery
83%
catharsis
80%
ragtag
73%
pearly gates
53%
Golden Arches
50%
agenda
48%
technology
45%
neurotic
43%
picket fence
43%
citizen's arrest
40%
killing point
40%
high-strung
38%
slapstick
38%
transcendent
38%
eggshell white
33%
parking garage
33%
gas station
30%
interstate
30%
supermarket
30%
Blue Cross
28%
phantom pain
28%
art therapist
25%
domestic
25%
try-hard
25%
vestibule
25%
private property
23%
J name
18%
mall
18%
two-story
18%
office park
15%
micropolitan
13%
turnpike
13%
retail
10%
No matching quizzes found
Score Distribution
Percent of People with Each Score
Percentile by Number Answered
Your Score History
You have not taken this quiz